| 000 | 01158cas a2200205 a 4500 | ||
|---|---|---|---|
| 082 |
_a371.00255194 _bEDU _cD |
||
| 100 |
_a _947156 |
||
| 245 | 0 | 0 | _aEducational guide of Pakistan. |
| 260 |
_aLahore, Pakistan : _bIbrahim Publishers, _cc1999- |
||
| 300 |
_av, 378p.: _bill. ; _c28 cm. |
||
| 526 |
_a0 _b0 _c0 _d371_002551940000000_EDU |
||
| 650 | 0 |
_aEducation _zPakistan _919281 |
|
| 650 | 0 |
_aEducation _zPakistan _xSocieties, etc. _947157 |
|
| 650 | 0 |
_aMCE _9379 |
|
| 650 | 0 |
_aSchools _zPakistan _947158 |
|
| 650 | 0 |
_aTrade schools _zPakistan _947159 |
|
| 650 | 0 |
_aUniversities and colleges _zPakistan _947160 |
|
| 710 | 2 |
_aIbrahim Publishers. _947161 |
|
| 942 |
_2ddc _cBK |
||
| 999 |
_c550444 _d550444 |
||